| 000 | 00829nas a2200265 4500 | ||
|---|---|---|---|
| 001 | BR8806878 | ||
| 003 | BR-BrBNA | ||
| 005 | 20231205091349.0 | ||
| 007 | ta | ||
| 008 | 230509b bl.|||p| |||| 00| 00por d | ||
| 040 |
_aBR-BrBNA _bpor _cBiblioteca Nacional de Agricultura |
||
| 041 | _a(En) | ||
| 072 | _aQ54 | ||
| 100 | 1 | _aSilva Junior, J.G. | |
| 100 | 1 | _aGarcia, M.A.T. | |
| 100 | 1 | _aMachado, O.L.T. | |
| 100 | 1 | _aDomont, G.B. | |
| 245 | 1 | _aPartial characterization of RC-13, a homogenous fraction isolated from castor bean allergens (CB-1A) | |
| 650 | _aMAMONA | ||
| 650 | _aAMINOACIDO | ||
| 650 | _aANALISE QUIMICA | ||
| 773 | 0 |
_tAnais da Academia Brasileira de Ciencias (Brazil) _xISSN 0001-3765 _g(Sep 1987), v. 59(3) p. 149-153 _wBR8806878 |
|
| 909 |
_a202311 _bLúcia _c55 _dLúcia Elande |
||
| 942 |
_2AGRIS _n0 _cANA |
||
| 999 |
_c124593 _d124593 |
||